বাঙালির চলচ্চিত্রচিন্তা : বাংলা চলচ্চিত্র-নির্মাতা. পঞ্চম খণ্ড /

Detaylı Bibliyografya
Diğer Yazarlar: আউয়াল, সাজেদুল, সায়ীদ, আবদুল্লাহ আবু
Materyal Türü: Bilinmiyor
Dil:Bengali
Baskı/Yayın Bilgisi: ঢাকা : বিশ্বসাহিত্য কেন্দ্র, ২০২৪.
Seri Bilgileri:বাঙালির চিন্তামূলক রচনা সংগ্রহ ; ১০৬
বিশ্বসাহিত্য কেন্দ্র প্রকাশনা ; ৫৬৩
Konular:
LEADER 02859 a2200469 4500
001 45493
003 BD-DhAAL
005 20260504173907.0
008 260419t2024 bg ||||| b || 00| 0 ben d
020 |a 9789849779087 
020 |a 9841805626101 
040 |a BD-DhAAL  |d BD-DhAAL 
041 0 |a ben 
082 0 4 |a 791.437095492 
245 0 0 |a বাঙালির চলচ্চিত্রচিন্তা :  |b বাংলা চলচ্চিত্র-নির্মাতা.  |n পঞ্চম খণ্ড /  |c সম্পাদক, সাজেদুল আউয়াল ; গ্রন্থমালা সম্পাদক, আবদুল্লাহ আবু সায়ীদ. 
246 3 3 |a Bangalir chintamulok rochona shongroho :  |b cinema [ponchom khondo] 
246 3 3 |a A collection of Bengali thoughts :  |b cinema [volume : 5] 
260 |a ঢাকা :  |b বিশ্বসাহিত্য কেন্দ্র,  |c ২০২৪. 
300 |a ৩৪৫ পৃষ্ঠা ;  |c ২২ সে.মি. 
362 |a Vol. 5 
490 0 |a বাঙালির চিন্তামূলক রচনা সংগ্রহ ;  |v ১০৬ 
490 0 |a বিশ্বসাহিত্য কেন্দ্র প্রকাশনা ;  |v ৫৬৩ 
500 |a প্রথম প্রকাশ. 
504 |a গ্রন্থপঞ্জিগত নির্দেশিকা অন্তর্ভুক্ত। 
526 8 |a AAL, RS 
541 1 |a Bishwo Shahitto Kendro  |e 45493, 45612 
650 0 |a Motion pictures  |z India  |z Bengal. 
650 0 |a Motion pictures  |z India  |z Bengal  |x History.  |9 60431 
650 0 |a Motion pictures  |z India  |z West Bengal  |x History.  |9 60460 
650 0 |a Cinema  |z Bengal  |x History.  |9 60432 
650 0 |a Motion pictures  |z Bangladesh  |x History and criticism.   |9 60461 
650 0 |a Theater  |z India  |z Bengal.  |9 60434 
650 0 |a Bengali literature. 
700 1 |a আউয়াল, সাজেদুল.  |9 60436 
700 1 |a সায়ীদ, আবদুল্লাহ আবু. 
830 0 |a বাঙালির চিন্তামূলক রচনা সংগ্রহ ;  |v ১০৬ 
830 0 |a বিশ্বসাহিত্য কেন্দ্র প্রকাশনা ;  |v ৫৬৩ 
852 1 |a Ayesha Abed Library   |c Reference 
942 |2 ddc  |c BK 
999 |c 47773  |d 47773 
952 |0 0  |1 0  |2 ddc  |4 0  |6 791_437095492000000_BAN  |7 1  |9 78915  |a SCL  |b SCL  |c REF  |d 2026-04-19  |e Bishwo Shahitto Kendro  |g 440.00  |l 0  |o 791.437095492 BAN  |p 3020045612  |r 2026-04-19  |t 2  |v 880.00  |w 2026-04-19  |y BK  |x Requisitioned by Ayesha Abed Library, BRAC University 
952 |0 0  |1 0  |2 ddc  |4 0  |6 791_437095492000000_BAN  |7 1  |9 78916  |a BRACUL  |b BRACUL  |c REF  |d 2026-04-19  |e Bishwo Shahitto Kendro  |g 440.00  |l 0  |o 791.437095492 BAN  |p 3010045493  |r 2026-04-19  |t 1  |v 880.00  |w 2026-04-19  |y BK  |x Requisitioned by Ayesha Abed Library, BRAC University